00581 2200217 4500001002100000005001500021035002000036007000300056008004100059020001800100082001000118084001600128100001600144245006600160250001000226260004900236300003600285650001400321990001400335990001400349INLIS00000000001036820250915035826 a0010-0825000042ta250915 g 0 ind  a9786028872799 a404.2 a404.2 RIT e0 aRita Hayati1 aExploring How Descriptive Text Works Bilingual /cRita Hayati aCet 2 aJakarta Timur :bMultazam Mulia Utama,c2011 a142 hal :bilus ;c17.5 x 25 cm 4aBilingual a025.00572 a025.00573